Zanjón de la Aguada /

En Zanjón de la Aguada, Lemebel toma la voz de la minorías sexuales, de los habitantes de las poblaciones periféricas, de los desposeídos, de las mujeres, para entregar una denuncia moral, una invitación a mirar lo que más nos duele, ese Chile que carece de oportunidades, ese al que los discursos po...

Full description

Bibliographic Details
Main Author: Lemebel, Pedro
Format: Libro
Language:Spanish
Published: Santiago, Chile Seix Barral 2008
Series:Biblioteca breve 2
Subjects:
Online Access:

MARC

LEADER 00000cam a2200000 a 4500
001 000199
003 UAHC_CL
005 20170803115621.0
008 051020b2004 cl 000 1 spa
020 |a 9562473112 
040 |a UAHC_CL  |c UAHC_CL  |d UAHC_CL 
100 1 |a Lemebel, Pedro 
245 1 0 |a Zanjón de la Aguada /  |c Pedro Lemebel. 
260 |b Seix Barral  |c 2008  |a Santiago, Chile 
300 |a 298 p. 
490 0 |a Biblioteca breve  |v 2 
520 |a En Zanjón de la Aguada, Lemebel toma la voz de la minorías sexuales, de los habitantes de las poblaciones periféricas, de los desposeídos, de las mujeres, para entregar una denuncia moral, una invitación a mirar lo que más nos duele, ese Chile que carece de oportunidades, ese al que los discursos políticos no los tocan pues siguen siempre igual. Pero el autor no mira esta realidad de forma dramática, sino que lanza sus dardos llenos de ironía y sarcasmo, mostrándonos que la indiferencia y el arribismo son enfermedades más agudas que la pobreza. 
521 |a Proyecto FONDECYT 11110202. La crónica periodístico-literaria en Chile: siglo XXI. 
650 4 |a NOVELAS CHILENAS 
653 |a COMPLEMENTARIA 
942 |c BK 
952 |0 0  |1 0  |4 0  |7 0  |8 General  |9 441  |a BC  |b BC  |c General  |d 2017-08-03  |l 0  |m 3  |p 1385025  |q 2018-01-11  |r 2017-08-03 00:00:00  |t 1  |w 2017-08-03  |y BK 
999 |c 199  |d 199